[Event "EU-ch 17th"]
[Site "Gjakova"]
[Date "2016.05.17"]
[Round "6"]
[White "Dreev, Alexey"]
[Black "Deac, Bogdan Daniel"]
[Result "1/2-1/2"]
[WhiteElo "2662"]
[BlackElo "2501"]
[Annotator "Marin,M"]
[PlyCount "101"]
[EventDate "2016.05.12"]
[EventType "swiss"]
[EventRounds "11"]
[EventCountry "KOS"]
[SourceTitle "CBM 173"]
[Source "ChessBase"]
[SourceDate "2016.07.12"]
[SourceVersion "1"]
[SourceVersionDate "2016.07.12"]
[SourceQuality "1"]

1. d4 Nf6 2. c4 e6 3. Nf3 d5 4. Nc3 c6 5. g3 {Dreev is an outstanding Meran
specialist with Black and has quite some experience against it with White, too.
For this game he unexpectedly chose the Catalan setup which he had never
employed in this position. During his home preparation he might have noticed
that his young and talented opponent (who in the meanwhile had become
Romania's youngest grandmaster ever) has a marked defensive style and enjoys
playing somewhat cramped but solid positions. Dreev must have hoped that the
irrational positions frequently arising from the Catalan gambits would put his
opponent off balance. Up to a certain point his strategy proved right.} dxc4 {.
} 6. Bg2 Nbd7 7. O-O b5 8. b3 $5 {This way of undermining Black's queenside
majority is not new, but White usually does it only after Black has made some
queenside committment (such as ...Qb6 or ...a7-a6). In this position the move
is as good as new.} ({The main line goes} 8. e4 Bb7 9. e5 Nd5 10. Ng5 {with
sharp play and long forced variations.}) 8... cxb3 $146 ({The only previous
game continued with the critical} 8... b4 9. Na4 c5 $2 (9... c3 10. a3 a5) 10.
a3 (10. Ne5 $1 $16) 10... a5 $2 {Gamarra,R (1944)-Villalba,M (2215) Foz do
Iguacu 2015 (0-1, 32)} 11. Ne5 $16) 9. Qxb3 $5 {Another small surprise.} ({
In similar positions White usually plays} 9. axb3) 9... Qb6 {As usual, Black
enjoys a wide choice but one way or another White has some hard to explain but
lasting compensation.} (9... Bb7 10. Ne5 a6 11. Rd1 $44) (9... Be7 10. Rd1 $44)
10. Ng5 $5 {Dreev keeps playing creatively, delivering one surprise after
another. The last move is not very typical. In some case White may consider
sacrificing on e6, in others the knight would go to e4 in order to control c5.}
({The typical continuation would be} 10. Ne5 Bb7 11. Be3 Qa6 12. Nd3 {[%csl
Gc5]}) 10... Bb7 ({The provocative} 10... h6 {is asking for} 11. Nxe6 {even
though the consequences are not very clear:} fxe6 12. Qxe6+ Kd8 (12... Be7 13.
Bf4 Bb7 14. Bd6 Qd8 15. Nxb5 $40) 13. Rb1 Bb7 14. Rd1 {[%cal Gc3a4,Ga4c5,Rd1d7]
} Nd5 15. Ne4 $44) 11. a4 Nd5 $6 {With his development incomplete, Black
starts jumping around with an already developed knight, weakening the kingside
defence at the same time.} (11... b4 12. a5 {offers White a strong initiative:}
Qxd4 (12... Qa6 13. Nce4 c5 14. dxc5 Nxc5 15. Nxc5 Bxc5 16. Qa4+ Kf8 {Sad
necessity. Black needs to leave the e7-square available for the bishop.} 17.
Be3 {[%csl Gb4]} Be7 18. Bxb7 Qxb7 19. a6 Qc8 20. Rfc1 $44) 13. a6 Bxa6 14.
Nxe6 fxe6 15. Qxe6+ Kd8 (15... Be7 16. Rxa6 bxc3 17. Bxc6 Rd8 18. Ba3 {forces
the unappealing} Ng8 $16) 16. Rxa6 bxc3 17. Be3 Qd6 18. Qc4 Rc8 19. Rxa7 $44 {
White is a clear piece down, but the c-pawns are more or less doomed. But the
main thing is that the black king will not find peace easily, being exposed to
the attacks of the mighty bishops and the major pieces.}) ({The most solid
continuation is} 11... a6 $5 12. Bf4 $5 {Not the only possibility of course.}
Be7 13. Nce4 {Some lines are really fascinating but unfortunately Black has a
relatively simple way to equality.} {But inserting} Nxe4 (13... O-O $6 {
runs into} 14. Nxe6 fxe6 15. Qxe6+ Rf7 16. Ng5 Raf8 17. axb5 axb5 18. Rfc1 {
with a strong initiative, involving practically all White's pieces.} h6 (18...
Qxd4 19. Be3 Qd6 20. Ra7 $36) 19. Nxf7 Rxf7 20. Be3 Nf8 21. Rxc6 Bxc6 22. Qxc6
N8d7 (22... Qxc6 23. Bxc6 b4 24. Ba4 $14 {[%csl Rf7][%cal Ga4b3]}) 23. Ra6 Qxc6
24. Bxc6 Nb8 25. Ra8 Bd6 26. Bxb5 {with a dangerous mass of pawns and two
strong bishops.}) (13... c5 $6 {is premature:} 14. dxc5 Nxc5 15. Nxc5 Bxg2 (
15... Bxc5 16. Bxb7 Qxb7 17. Rfc1 Qb6 18. a5 Qa7 19. Nxe6 fxe6 20. Qxe6+ Qe7
21. Qc6+ {[%csl Ra8,Gc5]}) 16. Ncxe6 Bd5 17. Qe3 Qxe3 18. Nc7+ Kd7 19. fxe3 $16
) 14. Nxe4 {[%cal Gf4d6] before} c5 {looks absolutely safe:} 15. dxc5 Nxc5 16.
Nxc5 Bxg2 17. Kxg2 Bxc5 18. axb5 O-O $11) 12. axb5 Nxc3 {In for a penny, in
for a pound - Black has no way back. This move unblocks the d-pawn and places
the white queen on an optimal square.} (12... a6 13. Nxd5 cxd5 14. e4 dxe4 15.
Bxe4 Bxe4 16. Nxe4 Be7 17. Ba3 $40) (12... Be7 13. Ba3 Bxg5 14. Ne4 Be7 15.
Bxe7 Kxe7 16. Qa3+ Kd8 17. Nd6 cxb5 (17... Rf8 18. Rab1 c5 19. dxc5 Nxc5 20.
Qxc5 $1) 18. Nxf7+ Ke8 19. Nxh8 $16) 13. Qxc3 cxb5 14. d5 $1 $36 {[%csl Gg7]
It is now that the absence of the f6-knight is felt. Black's king runs into
great danger.} Rc8 (14... exd5 15. Be3 b4 {More or less forced in order to
force the queen into abandoning either the long diagonal or the c-file.} (15...
Qc6 16. Qxc6 Bxc6 17. Rfc1 {[%csl Ra8,Rd5,Rf7][%cal Gc1c7,Gc6b7]} Ne5 18. Rxc6
Nxc6 19. Bxd5 Rc8 20. Rc1 Kd7 21. Nxf7 {[%cal Gd5c6,Gf7e5]} Ba3 $8 22. Ra1 b4
23. Nxh8 Rxh8 24. Bb3 $14 {[%csl Gb3,Ge3] Black's pawns are relatively
immobile and his king is exposed.}) (15... Qd8 16. Qb3 $16 a6 $2 17. Bxd5 Bxd5
18. Qxd5 $18 {[%csl Ga8,Gf7]}) 16. Qb2 {[%csl Gd4,Gg7]} Qg6 17. Ra5 Be7 18. Nh3
O-O 19. Nf4 $36 {Practically all the black queenside pawns are doomed with
chances for White to get a favourable form of a 4P vs 3P on the kingside.}) (
14... Bxd5 {is no better:} 15. Bxd5 exd5 16. Qf3 $1 {[%csl Gd5,Gf7]} Nf6 17. e4
{[%cal Ge4e5]} Bd6 18. Bb2 O-O 19. Qf5 {[%cal Gb2f6,Ge4e5]} (19. e5 Ne4 $1)
19... d4 (19... h6 20. Bxf6 hxg5 21. Qxg5 g6 22. Qh6 $18) 20. e5 Qc5 21. Nf3 {
[%cal Gb2d4]} Rfe8 22. Bxd4 Qd5 23. g4 {[%csl Rd6,Gf5,Rf6][%cal Ge5f6,Ge5d6]}
Nxg4 $8 24. Qxg4 $16 {with insufficient black compensation for the piece.}) 15.
Qb2 e5 (15... exd5 16. Be3 $16 {[%csl Ga7,Gb5]}) 16. Bh3 Bc5 $8 {In some lines
this gains a tempo due to the threat ...Bd4.} (16... Be7 17. Bxd7+ Kxd7 18. Be3
$18 {[%csl Ga7,Gf7]}) 17. Rb1 $2 {Too slow to be effective. As frequently
happens in irrational positions, one move is enough to turn a promising
position into one where White still needs to prove his compensation for the
pawn.} (17. Bxd7+ {is not effective with the bishop on c5.} Kxd7 18. Nxf7 Bd4
19. Nxe5+ Ke8 (19... Kd6 20. Qb4+ Kxe5 21. Qe7+ Kxd5 22. Bf4 $40) 20. Qb1 {
[%csl Ga1]} Bxe5 21. Be3 Qd6 22. Qxb5+ Qd7 23. Qxd7+ Kxd7 24. Rxa7 Rb8 25. Rb1
Kc8 (25... Kc7 26. f4 Bd6 27. Bb6+ Kc8 28. e4 $16) 26. Bb6 g5 $5 $13 {and
White will face problems setting his pawns into motion.}) ({White should have
ignored the threat ...Bd4 with} 17. Ne4 $1 Bd4 (17... a6 18. Rd1) 18. Qb4 $40
Bxa1 19. Ba3 $18) 17... Bxd5 18. Qd2 (18. Bxd7+ Kxd7 19. Qxe5 Kc6 20. Qxg7 Kb7
{The worst is behind for the black king and the bishops start being annoying.})
18... Be6 {It is not very obvious that Black needs spoiling his structure with
this move.} (18... Bc6 $5 {looks entirely playable.}) 19. Nxe6 fxe6 20. e3 {
Optically, White has compensation for the missing pawns, but he would badly
need a knight to take advantage of Black's weaknesses. The next phase was
played in mutual time trouble.} b4 21. Rd1 Rc7 22. Qa2 Ke7 23. Bb2 a5 {This is
one of White's biggest problems: when he enjoys a moment without immediate
threats, Black can always push his pawns.} 24. Rbc1 Rf8 25. Qb3 Rf6 26. Rc4 Bd6
27. Rh4 h6 28. Ba1 Qc6 29. Qd3 Nc5 30. Qh7 Rf7 31. Rg4 (31. Qg6 $5) 31... Qf3
32. Rf1 Qf5 (32... Kd8 $5) 33. Qg8 g5 34. Rf4 $6 ({Missing an excellent chance
for endangering Black's king:} 34. Rxb4 $3 Qxh3 35. Rb8 Rd7 36. Re8+ Kf6 37. f4
Rg7 38. fxe5+ Kg6 39. Qh8 $44) 34... Qh7 (34... Rf8 $1 {would have forced the
exchange of queens with a won ending due to the connected passed pawns:} 35.
Qg7+ Kd8 36. Qxh6 Rh7 $19) 35. Rxf7+ Qxf7 36. Qa8 (36. Qh8 Qf8 37. Qh7+ Ke8 38.
Qb1 b3 $17) 36... a4 37. Rd1 Qh5 $6 {[%csl Gd1,Gh3] It was of course hard to
resist the temptation of attacking two pieces, but White now gets chances to
muddy the waters again.} (37... Rd7 38. Bf1 Qh5 $17) 38. Rxd6 Kxd6 39. Qf8+ (
39. Qd8+ Kc6 40. Bf1 {is a better way to keep the black king worried.}) 39...
Kd7 (39... Kd5 $5) 40. Bf1 Qd1 41. Bxe5 Rc8 42. Qf7+ Kc6 43. Bd4 a3 $2 {
Black becomes impatient, overlooking White's simple threat..} ({Black should
have brought his queen closer to the king with} 43... Qc2 {when} 44. Bxc5 {
does not offer any drawing chances:} Qxc5 45. Qxe6+ Kc7 46. Qf7+ Kb8 $19) 44.
Bxc5 $1 Kxc5 45. Qxe6 $11 {[%csl Gb4,Gc8][%cal Ge6c4] Suddenly White has a
forced draw.} Ra8 46. Qc4+ Kb6 47. Qxb4+ Kc7 48. Qc5+ Kb7 ({The king cannot
escape the perpetual:} 48... Kd7 49. Qb5+ Kd6 $2 (49... Ke6 $2 50. Qc6+) (49...
Ke7 $2 50. Qb7+) 50. Qb6+ Ke5 51. Qc7+ {followed by a double attack soon.}) 49.
Qb5+ Kc7 50. Qc5+ Kb7 51. Qb5+ 1/2-1/2

[Event "Olympiad-42"]
[Site "Baku"]
[Date "2016.09.05"]
[Round "4.2"]
[White "Rombaldoni, Axel"]
[Black "Ding, Liren"]
[Result "0-1"]
[WhiteElo "2567"]
[BlackElo "2753"]
[Annotator "Mekhitarian,K"]
[PlyCount "108"]
[EventDate "2016.09.02"]
[EventType "team-swiss"]
[EventRounds "11"]
[EventCountry "AZE"]
[SourceTitle "CBM 175"]
[Source "ChessBase"]
[SourceDate "2016.11.10"]
[SourceVersion "1"]
[SourceVersionDate "2016.11.10"]
[SourceQuality "1"]
[WhiteTeam "Italy"]
[BlackTeam "China"]
[WhiteTeamCountry "ITA"]
[BlackTeamCountry "CHN"]

1. d4 d5 2. c4 c6 3. Nf3 Nf6 4. Nc3 e6 5. g3 dxc4 6. Bg2 Nbd7 7. O-O (7. a4 $5
{Here Black can take advantage of the fact that the f8-bishop hasn't been
developed yet:} Bb4 8. O-O O-O 9. Qc2 {but White always has interesting play:}
Qe7 10. a5 $5 (10. Rd1 a5 11. Bg5 h6 12. Bxf6 Qxf6 13. Ne4 Qf5 14. Rac1 Re8 (
14... e5 $1 $13 {was urgent}) 15. Nfd2 Nb6 16. Nxc4 Nxc4 17. Qxc4 e5 18. d5
cxd5 19. Qxd5 Be6 20. Qxb7 $16 {1-0 (52) Zhou,W (2635)-Wen,Y (2614) Xinghua
2016}) 10... e5 11. Rd1 a6 12. d5 Nc5 13. Be3 Nb3 14. Ra4 c5 $6 {too optimistic
} 15. d6 Qe8 16. Rxb4 $1 cxb4 17. Nd5 Nxd5 18. Rxd5 $44 {1-0 (36) Dominguez
Perez,L (2734)-Jakovenko,D (2738) Khanty-Mansiysk 2015; with strong
compensation for the material, White already has a preferrable position.}) 7...
b5 {A very ambitious approach, expected by the current #1 Chinese player and
one of the best in the world. Constantly trying to find unbalanced positions,
Ding Liren has grown to become one of the most feared opponents nowadays in
the chess elite. I was mated by him back in 2011 in a bloodbath in the King's
Indian Defence (it was only my blood that got spilled).} 8. e4 {The most
logical move, but many others have been tried already.} (8. b3 $5 cxb3 (8... b4
$5 9. Na4 c3 10. a3 $44 {with a very complex position}) 9. Qxb3 Qb6 10. Ng5 Bb7
11. a4 Nd5 $2 12. axb5 Nxc3 13. Qxc3 cxb5 14. d5 $1 Rc8 $2 15. Qb2 e5 16. Bh3
Bc5 17. Rb1 $6 (17. Ne4 $1 Bd4 18. Qb4 $16) 17... Bxd5 $13 {1/2-1/2 (51) Dreev,
A (2662)-Deac,B (2501) Gjakova 2016}) 8... b4 $5 (8... Bb7 9. e5 Nd5 10. Ng5 {
allows a forced line, that is apparently acceptable for Black} h6 11. Nxe6 fxe6
12. Qh5+ Ke7 13. Ne4 Qe8 $1 14. Bg5+ N5f6 15. exf6+ gxf6 16. Bxf6+ Nxf6 17.
Nxf6 Qxh5 18. Nxh5 Kf7 19. a4 a6 {Black has many weaknesses, but a strong
queenside and the bishop pair. A game between two legends last year in Shamkir
ended in a peaceful draw after many exchanges:} 20. axb5 axb5 21. Rxa8 Bxa8 22.
Ra1 Be7 23. Nf4 Bb7 24. Ra7 Rb8 25. Be4 Kf6 26. Ng6 c5 27. Rxb7 Rxb7 28. Bxb7
Kxg6 29. dxc5 Bxc5 $11 {1/2-1/2 (38) Kramnik,V (2783)-Anand,V (2791) Shamkir
2015}) 9. e5 Nd5 (9... bxc3 $2 10. exf6 cxb2 11. fxg7 Bxg7 12. Bxb2 $44 {
looks dangerous for Black.}) 10. Ne4 N7b6 11. Re1 (11. Nfg5 {a typical
reaction in these positions} h6 12. Qh5 g6 13. Qh3 Be7 $44 {White has
compensation, but I wouldn't know how to continue. On the other hand, Black
also lacks a clear plan.}) 11... a5 12. Nc5 $5 Bxc5 13. dxc5 Nd7 14. Nd2 (14.
Qd4 $5 Ba6 15. Qg4 O-O $5 16. Bh6 g6 17. Bxf8 Qxf8 18. Nd4 Nxc5 19. Nxc6 {
and Black has consistent compensation for the sacrificed exchange, for example:
} Rc8 20. Bxd5 exd5 21. Nd4 Nd3 22. Re2 Re8 $44) 14... Ba6 15. Qg4 (15. Ne4 O-O
16. Qd4 $44) 15... O-O 16. Nxc4 f5 $1 17. Qd4 (17. exf6 $2 {simply helps Black}
Qxf6 $17) 17... Bxc4 18. Qxc4 Rb8 $6 (18... Qe7 $1 {was a better move order,
avoiding f4 followed by Be3, as White could have played on his 19th move} 19.
Bd2 Rab8 {transposes to the game.}) 19. Bd2 $6 (19. f4 $1 Qe7 (19... Rb5 20.
Be3 Qe7 21. Bf2 {-- 19...Qe7}) 20. Be3 Nxe3 (20... Rb5 21. Bf2 $1 Nxc5 $2 22.
Rac1 $18 {Black's position collapses, Qxc6 is coming}) 21. Rxe3 Rfc8 (21...
Nxc5 22. Rc1 $14 {getting the pawn back, with better prospects}) (21... Rfd8
22. Rc1 {(threatening Rd3)} Rb5 23. Rd1 $1 Nxc5 (23... Rxc5 $2 24. Qd4 $16) 24.
Rxd8+ Qxd8 25. Bxc6 Rb6 26. Bf3 $16 {with a better endgame for White: the
black knight can't find a safe square and White will be able to activate
through the central files.}) 22. Rd1 Nxc5 23. Rd6 $16) 19... Qe7 20. Rac1 Rb5
$1 21. Qd4 Rc8 22. Be3 (22. Bxd5 $2 {helps Black} cxd5 23. c6 Nb8 $17) 22...
Nxe3 23. Qxe3 Rxc5 24. Rxc5 Qxc5 25. Qd2 Qe7 $44 {White has compensation,
because Black's pawns are very weak.} 26. Qd4 c5 27. Qc4 Rc7 28. f4 $6 {
Giving a great target for Black.} (28. Bf1 $1 Nf8 29. Qb5 $44 {and Bc4, slowly
invading Black's queenside.}) 28... Nf8 29. Rd1 g5 $1 {Nice positional feel!
The knight finds an excellent square on g6, and the only weakness on e6 is
well defended for now.} 30. g4 {A good practical try.} (30. Rd6 gxf4 31. gxf4
$2 Qh4 $1 $17 {and ...Rg7, launching a direct assault against White's king.})
30... Kg7 31. gxf5 exf5 {I like this kind of harmony - Black's king is open
but all of the pieces are occupying dark squares, diminishing the strength of
the g2-bishop.} 32. Rd6 Ng6 33. Rf6 $2 (33. Qd3 gxf4 34. Qxf5 c4 35. Be4 c3 36.
bxc3 bxc3 37. Bc2 Qh4 38. Qf6+ Qxf6 39. exf6+ Kf8 $17) 33... Nxf4 34. Rxf5 Rd7
$1 {Now Black takes the chance and grabs the initiative.} 35. Bf3 h6 36. h4 Rd4
37. Qc2 gxh4 $19 38. Qh2 Ne6 (38... Qd8 $1 {with the deadly threat of ...Rd1+}
39. Rxf4 Qg5+ 40. Rg4 Rxg4+ 41. Bxg4 Qxg4+ 42. Kf2 Qg3+ 43. Qxg3+ hxg3+ 44.
Kxg3 c4 $19) 39. Qg2+ Ng5 40. Bh5 Rd3 $4 {On the 40th move, Ding throws away
the advantage! Example after example, it becomes clearer how big a role the
clock plays. But in such complex games, like this one, it is nearly impossible
to reach move 40 without being in time trouble, which I assume Ding had at
this point.} (40... Qd7 $3 {a hard move to play, even with time on the clock}
41. Rf7+ (41. Rxg5+ hxg5 42. Qxg5+ Kh8 $1 43. Qh6+ Qh7 $19 {exchanging queens
on the next move, if white tries another check}) 41... Qxf7 42. Bxf7 Rd1+ 43.
Kh2 Rd2 $1 $19) 41. Qc6 $1 Rg3+ 42. Kf1 (42. Kh1 $11 {was also good enough for
a draw.}) 42... Qd8 43. Qf6+ (43. Qg6+ $1 {was more direct, but also not easy
to find the 45th move} Kh8 44. Qxh6+ Nh7 45. Be2 {a cold-blooded defensce
against ...Qd3+} Qd4 46. Rf8+ $1 Rg8 47. Rxg8+ Kxg8 48. Qg6+ Kh8 $11 {and
White has perpetual check at least.}) 43... Qxf6 44. exf6+ Kg8 45. Rxc5 Nh7 46.
Rc8+ Nf8 47. Rc4 $2 (47. Rc7 $1 {not making Black's king life any easier:} h3
48. Bf7+ Kh8 49. Rc8 Rf3+ 50. Kg1 Rxf6 51. Rxf8+ Kg7 52. Ra8 Kxf7 53. Rxa5 $11)
47... h3 48. Rh4 Nh7 49. f7+ $2 (49. Bg4 $1 Nxf6 50. Bxh3 {with excellent
drawing chances} Kg7 $15) 49... Kg7 50. Kf2 $2 {This is the decisive mistake,
now White loses too many pawns.} (50. a3 {urgently exchanging some pawns} bxa3
51. bxa3 Rxa3 52. Kg1 $17 {and White is still in the game.}) 50... Rg2+ 51. Kf1
Rxb2 52. Rxh3 Rxa2 $19 53. Rg3+ Ng5 54. Rd3 Rh2 0-1

[Event "Sao Paulo zt 2.4"]
[Site "Sao Paulo"]
[Date "2001.??.??"]
[Round "4"]
[White "Lima, Darcy Gustavo Macha"]
[Black "Vescovi, Giovanni P"]
[Result "1/2-1/2"]
[WhiteElo "2550"]
[BlackElo "2572"]
[Annotator "Melao,H"]
[PlyCount "53"]
[EventDate "2001.06.07"]
[EventType "tourn"]
[EventRounds "9"]
[EventCountry "BRA"]
[EventCategory "8"]
[SourceTitle "CBM 082 Extra"]
[Source "ChessBase"]
[SourceDate "2001.07.03"]
[SourceVersion "1"]
[SourceVersionDate "2001.07.03"]
[SourceQuality "1"]

1. d4 Nf6 2. g3 e6 3. Bg2 c5 4. Nf3 Nc6 5. O-O cxd4 6. Nxd4 Qb6 7. Nxc6 bxc6 8.
c4 d5 9. Nc3 Bb7 (9... Bb4 10. Be3 Qa5 11. Bd4 O-O 12. Bxf6 gxf6 13. cxd5 cxd5
14. e4 Bxc3 15. Qg4+ Kh8 16. bxc3 Qxc3 17. exd5 exd5 18. Qh4 Be6 19. Rad1 Rfd8
20. Rd4 Kg7 21. Rfd1 Rab8 22. Bxd5 Rxd5 23. Rxd5 Bxd5 24. Qg4+ {Hansen,
C-Nikolic,P/Reykjavik 1986/EXT 2000/1/2-1/2 (35)}) 10. Be3 Qa6 (10... Qa5 11.
Qb3 Qb4 12. cxd5 Nxd5 13. Nxd5 Qxb3 14. Nc7+ Kd7 15. axb3 Kxc7 16. Rfc1 a5 17.
Rc4 Bb4 18. Bf4+ Kb6 19. Rac1 Rac8 20. Be3+ Kb5 21. Be4 {1-0 Schulz,
K-Zschischang,M/Kleve 2000/EXT 2001 (21)}) 11. cxd5 cxd5 12. Rc1 (12. Qb3 Bc6
13. a4 Be7 14. Nb5 Qb7 15. Rfc1 O-O 16. Nd4 Qxb3 17. Nxb3 Rfc8 18. Nd4 Bd7 19.
Nb5 Rxc1+ 20. Rxc1 a6 21. Nc7 Rb8 22. Nxa6 Rxb2 23. a5 Ra2 24. Bb6 Bd6 25. Nc5
Bxc5 26. Rxc5 Ra1+ 27. Bf1 h5 {0-1 Brestian,E-Herzog,A/Austria 1993/TD (27)})
12... Be7 13. Qa4+ Qxa4 14. Nxa4 {as Brancas têm maioria de Peões na ala da
Dama, controlam a coluna 'c' e ameaçam ganhar o par de Bispos, mas como o Rei
preto está no centro, a massa de Peões centrais pretos tolhe a atividade dos
Bispos brancos e as Torres pretas rapidamente podem disputar a coluna, o
resultado natural deve ser o empate.} Kd7 15. Nc5+ Bxc5 16. Rxc5 Rhc8 17. Rfc1
Rxc5 18. Rxc5 a5 19. Bd4 a4 20. e3 Ne8 21. Bf1 Bc6 22. Bd3 h6 23. Bc3 f6 24.
Ra5 Rxa5 25. Bxa5 Nd6 26. Bb4 Nc4 27. Bxc4 {^-} 1/2-1/2